| 000 | 00617nam a22002057a 4500 | ||
|---|---|---|---|
| 005 | 20251108164029.0 | ||
| 008 | 250721s1996 xx 000 0 ara d | ||
| 082 | 1 | 4 | _a320.956/توف |
| 100 | 1 | _aأبو بكر، توفيق طاهر | |
| 245 | 1 | 0 |
_aقضايا الواقع العربي : _bحوار و شهادات / |
| 264 | _c1996. | ||
| 300 | _a200ص | ||
| 490 | 0 | _aسلسلة حوارات إستراتيجية | |
| 650 | 1 | 7 | _aالسياسة |
| 650 | 1 | 7 | _aالأحوال السياسية |
| 650 | 1 | 7 | _aالديمقراطية |
| 650 | 1 | 7 | _aالبلدان العربية |
| 942 |
_2ddc _cBK |
||
| 999 |
_c1842 _d1842 |
||